| Tag |
First Indicator |
Second Indicator |
Subfields |
| LEADER |
00000cam a2200000 a 4500 |
| 001 |
in00001328186 |
| 005 |
20151005074915.0 |
| 008 |
910828s1992 nyuab j 001 0 eng |
| 010 |
|
|
|a 91058210
|
| 015 |
|
|
|a GB93-23393
|
| 020 |
|
|
|a 1564580199 :
|c $9.95
|
| 020 |
|
|
|a 0863188257 :
|
| 035 |
|
|
|a (OCoLC)24590753
|
| 035 |
|
|
|9 AHD0710AM
|
| 040 |
|
|
|a DLC
|c DLC
|d UKM
|d TXA
|d UtOrBLW
|
| 049 |
|
|
|a TXAM
|
| 050 |
0 |
0 |
|a QC981.3
|b .F37 1992
|
| 082 |
0 |
0 |
|a 551.5
|2 20
|
| 100 |
1 |
|
|a Farndon, John.
|
| 245 |
1 |
0 |
|a Weather /
|c written by John Farndon.
|
| 250 |
|
|
|a 1st American ed.
|
| 264 |
|
1 |
|a New York :
|b Dorling Kindersley,
|c 1992.
|
| 300 |
|
|
|a 61 pages :
|b color illustrations, color maps ;
|c 21 cm.
|
| 336 |
|
|
|a text
|b txt
|2 rdacontent
|
| 337 |
|
|
|a unmediated
|b n
|2 rdamedia
|
| 338 |
|
|
|a volume
|b nc
|2 rdacarrier
|
| 490 |
1 |
|
|a Eyewitness explorers
|
| 500 |
|
|
|a "1"--Spine.
|
| 500 |
|
|
|a Includes index.
|
| 520 |
|
|
|a Discusses such elements of weather as clouds, wet air, frost, ice, wind, and air pressure. Includes some projects.
|
| 650 |
|
0 |
|a Weather
|v Juvenile literature.
|
| 650 |
|
0 |
|a Weather forecasting
|v Juvenile literature.
|
| 650 |
|
1 |
|a Weather.
|
| 653 |
0 |
|
|a Weather
|
| 830 |
|
0 |
|a Eyewitness explorers.
|
| 999 |
|
|
|a MARS
|
| 999 |
f |
f |
|s 314fbac1-a4e6-30be-980a-bb02c35c1c52
|i 8adc0ab4-36cd-3ee6-b91c-adaa9be31f18
|t 0
|
| 952 |
f |
f |
|p normal
|a Texas A&M University
|b College Station
|c Sterling C. Evans Library
|d Evans: Curriculum Collection (4th floor)
|t 0
|e QC981.3 .F37 1992
|h Library of Congress classification
|i unmediated -- volume
|m A14820492779
|
| 998 |
f |
f |
|a QC981.3 .F37 1992
|t 0
|l Evans: Curriculum Collection (4th floor)
|